[Event "SRB-chT 2nd League"]
[Site "Vrnjacka Banja"]
[Date "2022.11.10"]
[Round "10.5"]
[White "Djacanin, Goran"]
[Black "Arbutina, Sinisa"]
[Result "1-0"]
[WhiteElo "2187"]
[BlackElo "2228"]
[PlyCount "89"]
[EventDate "2022.11.04"]
[EventType "team-tourn"]
[EventRounds "11"]
[EventCountry "SRB"]
[SourceTitle "CBM 211 Extra"]
[Source "ChessBase"]
[SourceDate "2023.01.31"]
[SourceVersion "1"]
[SourceVersionDate "2023.01.31"]
[SourceQuality "1"]
[WhiteTeam "Novi Sad Vojvodina"]
[BlackTeam "Pacir Backa"]
[WhiteTeamCountry "SRB"]
[BlackTeamCountry "SRB"]

1. e4 e5 2. Bc4 Nc6 3. Nf3 Bc5 4. 0-0 Nf6 5. Nc3 d6 6. h3 Be6 7. d3 h6 8. Bb3 0-0 9. Be3 Bb6 10. Nd5 Bxd5 11. exd5 Na5 12. c4 Nxb3 13. axb3 Nd7 14. b4 c6 15. dxc6 bxc6 16. d4 e4 17. Nd2 f5 18. f4 d5 19. Qb3 dxc4 20. Nxc4 Kh7 21. Rac1 Rc8 22. Rfd1 Nf6 23. Ne5 Qd5 24. Qa4 Qb5 25. Qb3 Nd5 26. Rc4 Rfd8 27. Rdc1 Rd6 28. g4 g6 29. gxf5 gxf5 30. Kh1 Rg8 31. Bg1 Rg7 32. Qd1 Ne7 33. Qh5 Qd5 34. b5 cxb5 35. Rc8 e3+ 36. Nf3 Nxc8 37. Rxc8 Rdg6 38. Bh2 e2 39. Re8 Bc7 40. Rxe2 Bxf4 41. Bxf4 a5 42. Kh2 a4 43. h4 Kg8 44. Be5 Rg4 45. Qxf5 1-0

[Event "Vojvodina-chT 21st"]
[Site "Backa Palanka"]
[Date "2021.10.28"]
[Round "9.6"]
[White "Parkajic, Branislav"]
[Black "Arbutina, Sinisa"]
[Result "0-1"]
[WhiteElo "2084"]
[BlackElo "2252"]
[PlyCount "36"]
[EventDate "2021.10.23"]
[EventType "team-tourn"]
[EventRounds "11"]
[EventCountry "SRB"]
[SourceTitle "CBM 204 Extra"]
[Source "ChessBase"]
[SourceDate "2021.11.30"]
[SourceVersion "1"]
[SourceVersionDate "2021.11.30"]
[SourceQuality "1"]
[WhiteTeam "Petrovaradin Kraljica"]
[BlackTeam "Backa Pacir"]
[WhiteTeamCountry "SRB"]
[BlackTeamCountry "SRB"]

1. e4 e5 2. Nf3 Nc6 3. d4 exd4 4. Nxd4 Bc5 5. Nb3 Bb6 6. a4 a6 7. Nc3 d6 8. a5 Ba7 9. Bc4 Be6 10. Bd5 Nge7 11. Bg5 Qd7 12. Qd2 0-0 13. 0-0 Rae8 14. h3 Ng6 15. Rfe1 Nce5 16. Be3 Bxh3 17. f4 Nxf4 18. Bxa7 Qg4 0-1

[Event "Vojvodina-chT 21st"]
[Site "Backa Palanka"]
[Date "2021.10.24"]
[Round "3.6"]
[White "Babic, Damir M"]
[Black "Arbutina, Sinisa"]
[Result "1/2-1/2"]
[WhiteElo "2088"]
[BlackElo "2252"]
[PlyCount "47"]
[EventDate "2021.10.23"]
[EventType "team-tourn"]
[EventRounds "11"]
[EventCountry "SRB"]
[SourceTitle "CBM 204 Extra"]
[Source "ChessBase"]
[SourceDate "2021.11.30"]
[SourceVersion "1"]
[SourceVersionDate "2021.11.30"]
[SourceQuality "1"]
[WhiteTeam "Rastina Polet"]
[BlackTeam "Backa Pacir"]
[WhiteTeamCountry "SRB"]
[BlackTeamCountry "SRB"]

1. d4 d5 2. c4 c6 3. Nf3 Nf6 4. Nc3 dxc4 5. e4 b5 6. e5 Nd5 7. a4 e6 8. axb5 Bb4 9. Qa4 0-0 10. bxc6 a5 11. Bd2 Nb6 12. Qc2 h6 13. h4 f5 14. exf6 Qxf6 15. Ne4 Bxd2+ 16. Qxd2 Qf4 17. Qxf4 Rxf4 18. Nd6 Nxc6 19. Nxc4 Nxc4 20. Bxc4 Nxd4 21. Nxd4 Rxd4 22. b3 Kf7 23. g3 Bb7 24. 0-0 1/2-1/2

[Event "Vojvodina-chT 2nd League"]
[Site "Backa Palanka"]
[Date "2020.10.23"]
[Round "11.5"]
[White "Arbutina, Sinisa"]
[Black "Joksimovic, Dragoljub"]
[Result "1/2-1/2"]
[WhiteElo "2263"]
[BlackElo "2125"]
[PlyCount "130"]
[EventDate "2020.10.16"]
[EventType "team-tourn"]
[EventRounds "11"]
[EventCountry "SRB"]
[SourceTitle "EXT 2022"]
[Source "ChessBase"]
[SourceDate "2021.10.06"]
[SourceVersion "1"]
[SourceVersionDate "2021.10.06"]
[SourceQuality "1"]
[WhiteTeam "Backa Pacir"]
[BlackTeam "Opovo Bata Cosic"]
[WhiteTeamCountry "SRB"]
[BlackTeamCountry "SRB"]

1. d4 g6 2. c4 Bg7 3. Nc3 Nf6 4. e4 d6 5. f3 0-0 6. Be3 c6 7. Bd3 Nbd7 8. Nge2 Re8 9. Qd2 a6 10. 0-0 b5 11. b4 bxc4 12. Bxc4 Bb7 13. Bb3 Rc8 14. Na4 h5 15. Rac1 e6 16. Nf4 a5 17. Nd3 Ba6 18. Rfd1 Bxd3 19. Qxd3 axb4 20. Qa6 Nb8 21. Qb7 Bf8 22. Bg5 Be7 23. Bd2 Nfd7 24. Qxb4 h4 25. Qa5 Rc7 26. Be3 h3 27. g3 Qc8 28. Bc4 c5 29. dxc5 Nc6 30. Qa6 dxc5 31. Qxc8 Rexc8 32. Rxd7 Rxd7 33. Nb6 Rdd8 34. Nxc8 Rxc8 35. Kf2 Ra8 36. Rc2 Ne5 37. Be2 Ra5 38. Bf1 Kf8 39. Bxh3 Nd3+ 40. Ke2 Nb4 41. Rb2 Nxa2 42. e5 Kg7 43. f4 Nc3+ 44. Kd2 Nd5 45. Bg2 Nxe3 46. Kxe3 Ra3+ 47. Ke4 Ra4+ 48. Kd3 Rb4 49. Ra2 Bf8 50. Kc3 Rb1 51. Be4 Rb4 52. Bd3 Rd4 53. Ra7 Kg8 54. Bc2 Rb4 55. Rd7 Rb8 56. h4 Rb4 57. Bd1 Re4 58. h5 Re3+ 59. Kd2 Rxg3 60. hxg6 Rxg6 61. Bh5 Rg7 62. Kd3 Rh7 63. Bd1 Rh4 64. f5 exf5 65. Bb3 Rd4+ 1/2-1/2

[Event "Vojvodina-chT 2nd League"]
[Site "Backa Palanka"]
[Date "2020.10.20"]
[Round "7.5"]
[White "Arbutina, Sinisa"]
[Black "Gagic, Milan A"]
[Result "0-1"]
[WhiteElo "2263"]
[BlackElo "2078"]
[PlyCount "78"]
[EventDate "2020.10.16"]
[EventType "team-tourn"]
[EventRounds "11"]
[EventCountry "SRB"]
[SourceTitle "EXT 2022"]
[Source "ChessBase"]
[SourceDate "2021.10.06"]
[SourceVersion "1"]
[SourceVersionDate "2021.10.06"]
[SourceQuality "1"]
[WhiteTeam "Backa Pacir"]
[BlackTeam "Petrovaradin Kraljica"]
[WhiteTeamCountry "SRB"]
[BlackTeamCountry "SRB"]

1. d4 Nf6 2. Nf3 e6 3. Bf4 d5 4. e3 Bd6 5. Bg3 0-0 6. Nbd2 c5 7. c3 Nc6 8. Bd3 Qc7 9. dxc5 Bxg3 10. hxg3 e5 11. Be2 Bf5 12. Nh4 Be6 13. g4 e4 14. b4 Qe5 15. Rc1 Qg5 16. Nf5 Bxf5 17. gxf5 Qxg2 18. Rf1 Rfe8 19. Nb3 Ne5 20. Kd2 Nd3 21. Bxd3 exd3 22. Qe1 Qe4 23. f3 Qxf5 24. Qg3 Qe6 25. Rfe1 Nd7 26. Nd4 Qa6 27. Ra1 Qa3 28. Reb1 Ne5 29. Nf5 Nc4+ 30. Kxd3 g6 31. Qg5 Re5 32. e4 Rae8 33. Qf6 Rxf5 34. exf5 Re3+ 35. Kc2 Qa4+ 36. Rb3 Re2+ 37. Kd1 Qe8 38. a3 Rd2+ 39. Kc1 Qe1# 0-1

[Event "Vojvodina-chT 2nd League"]
[Site "Backa Palanka"]
[Date "2020.10.19"]
[Round "5.5"]
[White "Ilincic, Aleksa"]
[Black "Arbutina, Sinisa"]
[Result "1-0"]
[WhiteElo "2180"]
[BlackElo "2263"]
[PlyCount "63"]
[EventDate "2020.10.16"]
[EventType "team-tourn"]
[EventRounds "11"]
[EventCountry "SRB"]
[SourceTitle "EXT 2022"]
[Source "ChessBase"]
[SourceDate "2021.10.06"]
[SourceVersion "1"]
[SourceVersionDate "2021.10.06"]
[SourceQuality "1"]
[WhiteTeam "Novi Sad Vojvodina"]
[BlackTeam "Backa Pacir"]
[WhiteTeamCountry "SRB"]
[BlackTeamCountry "SRB"]

1. e4 e5 2. Nf3 Nc6 3. d4 exd4 4. Nxd4 Nge7 5. Nc3 Nxd4 6. Qxd4 Nc6 7. Qe3 Nb4 8. Qe2 b6 9. Be3 Bb7 10. 0-0-0 Be7 11. Kb1 a5 12. Bd4 0-0 13. Qg4 f6 14. Be3 Bc8 15. Qh5 Qe8 16. Bc4+ Kh8 17. Qe2 Ba6 18. Bf4 Qc8 19. a3 Bxc4 20. Qxc4 Na6 21. h4 Nc5 22. h5 Rb8 23. h6 g6 24. Nd5 Bd8 25. e5 f5 26. Be3 Ne6 27. Nf4 Be7 28. Nxe6 dxe6 29. Qc6 f4 30. Bc1 Rd8 31. Rxd8+ Bxd8 32. Qe8# 1-0

[Event "Vojvodina-chT"]
[Site "Kovacica"]
[Date "2019.11.04"]
[Round "5.3"]
[White "Arbutina, Sinisa"]
[Black "Remecki, Sinisa"]
[Result "1/2-1/2"]
[WhiteElo "2323"]
[BlackElo "2235"]
[PlyCount "36"]
[EventDate "2019.11.01"]
[EventType "team-tourn"]
[EventRounds "11"]
[EventCountry "SRB"]
[SourceTitle "CBM 192 Extra"]
[Source "Chessbase"]
[SourceDate "2019.11.06"]
[SourceVersion "1"]
[SourceVersionDate "2019.11.06"]
[SourceQuality "1"]
[WhiteTeam "Backa Pacir"]
[BlackTeam "Petrovaradin Kraljica"]
[WhiteTeamCountry "SRB"]
[BlackTeamCountry "SRB"]

1. d4 Nf6 2. Nf3 c5 3. c3 b6 4. Bf4 Bb7 5. e3 g6 6. Be2 Bg7 7. 0-0 0-0 8. Nbd2 d6 9. h3 Qc7 10. Bh2 Nbd7 11. Qc2 Rac8 12. dxc5 Nxc5 13. Rfd1 Nfe4 14. Nb3 Bh6 15. Nfd2 Nxb3 16. axb3 Nxd2 17. Rxd2 a5 18. Qd1 Be4 1/2-1/2

[Event "HUN-chT2 Asztalos 1819"]
[Site "Hungary"]
[Date "2018.12.02"]
[Round "3.1"]
[White "Arbutina, Sinisa"]
[Black "Vrban, Mladen"]
[Result "1/2-1/2"]
[WhiteElo "2317"]
[BlackElo "2292"]
[PlyCount "36"]
[EventDate "2018.10.28"]
[EventType "team-tourn"]
[EventRounds "9"]
[EventCountry "HUN"]
[SourceTitle "CBM 189 Extra"]
[Source "ChessBase"]
[SourceDate "2019.06.03"]
[SourceVersion "1"]
[SourceVersionDate "2019.06.03"]
[SourceQuality "1"]
[WhiteTeam "Baja Spartacus"]
[BlackTeam "Nagyatad"]
[WhiteTeamCountry "HUN"]
[BlackTeamCountry "HUN"]

1. d4 Nf6 2. c4 g6 3. Nc3 Bg7 4. e4 d6 5. f3 0-0 6. Be3 Nc6 7. Nge2 a6 8. Qd2 Rb8 9. Nc1 e5 10. Nb3 exd4 11. Nxd4 Re8 12. Be2 Ne5 13. 0-0 c6 14. Rad1 Qc7 15. Qe1 Bd7 16. a4 Rbd8 17. Qf2 Bc8 18. Rfe1 Qb8 1/2-1/2

[Event "Vojvodina-chT 2nd League"]
[Site "Novi Sad"]
[Date "2018.11.14"]
[Round "8.4"]
[White "Arbutina, Sinisa"]
[Black "Kopasz, Robert"]
[Result "1/2-1/2"]
[WhiteElo "2325"]
[BlackElo "2320"]
[PlyCount "77"]
[EventDate "2018.11.09"]
[EventType "team-tourn"]
[EventRounds "11"]
[EventCountry "SRB"]
[SourceTitle "CBM 187 Extra"]
[Source "ChessBase"]
[SourceDate "2018.11.04"]
[SourceVersion "1"]
[SourceVersionDate "2018.11.04"]
[SourceQuality "1"]
[WhiteTeam "Backa Pacir"]
[BlackTeam "Senta"]
[WhiteTeamCountry "SRB"]
[BlackTeamCountry "SRB"]

1. d4 g6 2. c4 Bg7 3. Nc3 d6 4. e4 Nd7 5. Be3 e5 6. Qd2 exd4 7. Bxd4 Ngf6 8. Nh3 0-0 9. Be2 Nc5 10. Bxc5 dxc5 11. Qxd8 Rxd8 12. Nf4 c6 13. Nd3 b6 14. 0-0-0 Rd4 15. f3 Be6 16. b3 Rad8 17. Kc2 Nd7 18. Rhe1 Nf8 19. Bf1 Bc8 20. Ne2 R4d6 21. Ndf4 f5 22. Rxd6 Rxd6 23. Rd1 Rxd1 24. Kxd1 fxe4 25. fxe4 g5 26. Nd3 Ne6 27. Ng3 Nd4 28. Be2 Kf7 29. Bh5+ Ke7 30. h3 Be6 31. Kd2 a5 32. Bg4 Bf7 33. Nf5+ Nxf5 34. Bxf5 h5 35. e5 a4 36. g4 h4 37. Ke3 axb3 38. axb3 b5 39. e6 1/2-1/2

[Event "Vojvodina-chT 2nd League"]
[Site "Novi Sad"]
[Date "2018.11.09"]
[Round "1.2"]
[White "Vlatkovic, Sinisa"]
[Black "Arbutina, Sinisa"]
[Result "1-0"]
[WhiteElo "2283"]
[BlackElo "2325"]
[PlyCount "105"]
[EventDate "2018.11.09"]
[EventType "team-tourn"]
[EventRounds "11"]
[EventCountry "SRB"]
[SourceTitle "CBM 187 Extra"]
[Source "ChessBase"]
[SourceDate "2018.11.04"]
[SourceVersion "1"]
[SourceVersionDate "2018.11.04"]
[SourceQuality "1"]
[WhiteTeam "Nova Pazova Mladost"]
[BlackTeam "Backa Pacir"]
[WhiteTeamCountry "SRB"]
[BlackTeamCountry "SRB"]

1. d4 d5 2. c4 c6 3. Nf3 Nf6 4. Nc3 dxc4 5. a4 Bf5 6. Ne5 Nbd7 7. Nxc4 Nb6 8. e3 e6 9. Qb3 Nxc4 10. Bxc4 Qb6 11. a5 Qxb3 12. Bxb3 Bd3 13. f3 Be7 14. Kf2 0-0 15. Rd1 Ba6 16. e4 Nd7 17. Be3 Rfd8 18. e5 c5 19. Ne4 c4 20. Ba4 Rac8 21. Nc3 f6 22. f4 Bb4 23. Nb5 Bxb5 24. Bxb5 a6 25. Bxd7 Rxd7 26. Ra4 Be7 27. Rc1 Rdc7 28. Bd2 Kf7 29. Ke3 f5 30. Bb4 g5 31. g3 gxf4+ 32. gxf4 Rc6 33. Bxe7 Kxe7 34. Rb4 R8c7 35. Kd2 Kd7 36. Kc3 b5 37. axb6 Rb7 38. Rg1 Rbxb6 39. Rg7+ Kd8 40. Rxh7 a5 41. Rxb6 Rxb6 42. Kxc4 Rc6+ 43. Kb5 Rc2 44. b3 Rc3 45. Ra7 Ke8 46. Rxa5 Rxb3+ 47. Kc6 Rb4 48. Kd6 Rb6+ 49. Kc5 Rb2 50. h4 Kf8 51. Ra8+ Kf7 52. h5 Rf2 53. Ra7+ 1-0

[Event "HUN-chT2 Asztalos 1718"]
[Site "Hungary"]
[Date "2017.12.17"]
[Round "4.1"]
[White "Arbutina, Sinisa"]
[Black "Vrban, Mladen"]
[Result "1/2-1/2"]
[WhiteElo "2316"]
[BlackElo "2295"]
[PlyCount "26"]
[EventDate "2017.10.29"]
[EventType "team-tourn"]
[EventRounds "9"]
[EventCountry "HUN"]
[SourceTitle "EXT 2021"]
[Source "ChessBase"]
[SourceDate "2020.10.23"]
[SourceVersion "1"]
[SourceVersionDate "2020.10.23"]
[SourceQuality "1"]
[WhiteTeam "Baja"]
[BlackTeam "Nagyatad"]
[WhiteTeamCountry "HUN"]
[BlackTeamCountry "HUN"]

1. d4 d6 2. c4 f5 3. Nc3 Nf6 4. f3 Nc6 5. Bg5 e5 6. d5 Nb8 7. e4 f4 8. Bh4 Be7 9. Bf2 g5 10. h3 h5 11. Qd2 Kf7 12. 0-0-0 a5 13. Kb1 b6 1/2-1/2

[Event "Vojvodina-chT"]
[Site "Novi Sad"]
[Date "2017.11.18"]
[Round "7.4"]
[White "Popovic, Milan S"]
[Black "Arbutina, Sinisa"]
[Result "1-0"]
[WhiteElo "2219"]
[BlackElo "2333"]
[PlyCount "75"]
[EventDate "2017.11.13"]
[EventType "team-tourn"]
[EventRounds "11"]
[EventCountry "SRB"]
[SourceTitle "CBM 181 Extra"]
[Source "ChessBase"]
[SourceDate "2017.12.12"]
[SourceVersion "1"]
[SourceVersionDate "2017.12.12"]
[SourceQuality "1"]
[WhiteTeam "Petrovaradin Kraljica"]
[BlackTeam "Pacir Backa"]
[WhiteTeamCountry "SRB"]
[BlackTeamCountry "SRB"]

1. d4 d5 2. Bf4 Nf6 3. e3 c5 4. c3 Qb6 5. Qb3 Nc6 6. Nd2 cxd4 7. exd4 Qxb3 8. axb3 Bf5 9. Ngf3 Rc8 10. b4 a6 11. h3 Bd7 12. Nb3 e6 13. Bd3 Be7 14. Nc5 Bxc5 15. bxc5 0-0 16. Ne5 Nxe5 17. Bxe5 Bc6 18. Kd2 Rfe8 19. Rhe1 Ne4+ 20. Bxe4 dxe4 21. c4 f6 22. Bd6 e3+ 23. Rxe3 Bxg2 24. f3 Rcd8 25. h4 e5 26. Rg1 Bh3 27. f4 Be6 28. d5 Bf5 29. fxe5 fxe5 30. Bxe5 Rd7 31. Bxg7 Rxe3 32. Be5+ Kf7 33. Kxe3 h5 34. b4 Bg4 35. Rf1+ Ke8 36. Kd4 Ke7 37. Bd6+ Ke8 38. Rf8# 1-0

[Event "Vojvodina-chT"]
[Site "Novi Sad"]
[Date "2017.11.15"]
[Round "4.4"]
[White "Mijatovic, Dejan"]
[Black "Arbutina, Sinisa"]
[Result "1/2-1/2"]
[WhiteElo "2269"]
[BlackElo "2333"]
[PlyCount "42"]
[EventDate "2017.11.13"]
[EventType "team-tourn"]
[EventRounds "11"]
[EventCountry "SRB"]
[SourceTitle "CBM 181 Extra"]
[Source "ChessBase"]
[SourceDate "2017.12.12"]
[SourceVersion "1"]
[SourceVersionDate "2017.12.12"]
[SourceQuality "1"]
[WhiteTeam "Stara Pazova"]
[BlackTeam "Pacir Backa"]
[WhiteTeamCountry "SRB"]
[BlackTeamCountry "SRB"]

1. d4 d5 2. Nf3 Nf6 3. Bf4 c5 4. e3 Nc6 5. c3 Qb6 6. Qc1 Bf5 7. Nbd2 Rc8 8. dxc5 Qxc5 9. Nb3 Qb6 10. Nbd4 Nxd4 11. exd4 e6 12. Be2 Bd6 13. Bxd6 Qxd6 14. Bb5+ Ke7 15. Ne5 a6 16. Bd3 Bxd3 17. Nxd3 Rhe8 18. 0-0 Kf8 19. Re1 a5 20. Qd1 Re7 21. Re2 Rce8 1/2-1/2

[Event "Subotica-ch op"]
[Site "Subotica"]
[Date "2017.03.03"]
[Round "5"]
[White "Arbutina, Sinisa"]
[Black "Sirotanovic, Obrad"]
[Result "1-0"]
[WhiteElo "2341"]
[BlackElo "2188"]
[PlyCount "137"]
[EventDate "2017.02.22"]
[EventType "swiss"]
[EventRounds "9"]
[EventCountry "SRB"]
[SourceTitle "CBM 177 Extra"]
[Source "ChessBase"]
[SourceDate "2017.04.27"]
[SourceVersion "1"]
[SourceVersionDate "2017.04.27"]
[SourceQuality "1"]

1. d4 Nf6 2. c4 g6 3. Nc3 Bg7 4. e4 d6 5. f3 0-0 6. Be3 b6 7. Bd3 a6 8. Qd2 c5 9. Nge2 Nc6 10. d5 Ne5 11. 0-0 e6 12. Ng3 exd5 13. exd5 Nxd3 14. Qxd3 Nd7 15. f4 f5 16. Rae1 Nf6 17. h3 b5 18. Bd2 b4 19. Nd1 h5 20. Re3 h4 21. Ne2 Ne4 22. Bc1 Bf6 23. Qc2 Bd7 24. Kh2 Re8 25. Ng1 Qe7 26. Nf3 Qh7 27. Nd2 Nxd2 28. Bxd2 Rxe3 29. Bxe3 Re8 30. Qd2 Re4 31. b3 Qe7 32. Rf3 Qe8 33. Nf2 Re7 34. Qd3 a5 35. Nd1 a4 36. Bf2 axb3 37. axb3 Qa8 38. Re3 Qa2 39. Rxe7 Bxe7 40. Be3 Bf6 41. Bd2 Kf7 42. Ne3 Qa1 43. Qc2 Qd4 44. Nd1 Bg7 45. Be3 Qa1 46. Bc1 Bh6 47. Kg1 Bg7 48. Kh2 Bd4 49. Bd2 Bf6 50. Bc1 Ke7 51. Nf2 Kd8 52. Nd3 Bd4 53. g3 hxg3+ 54. Kxg3 Kc7 55. Ne1 Kb6 56. Nf3 Qc3 57. Qxc3 bxc3 58. Ne1 Ba4 59. bxa4 Ka5 60. Kf3 Kxa4 61. Ke2 Kb3 62. Kd3 Bf6 63. Nf3 Bd8 64. Ng5 Ba5 65. Nf7 c2 66. Nxd6 Bc3 67. Nb7 Bb2 68. Nxc5+ Ka3 69. Kxc2 1-0

[Event "Vojvodina-chT"]
[Site "Kac"]
[Date "2016.11.20"]
[Round "8.6"]
[White "Arbutina, Sinisa"]
[Black "Brajic, Djordje"]
[Result "1-0"]
[WhiteElo "2356"]
[BlackElo "2243"]
[PlyCount "81"]
[EventDate "2016.11.15"]
[EventType "team-tourn"]
[EventRounds "11"]
[EventCountry "SRB"]
[SourceTitle "CBM 175 Extra"]
[Source "ChessBase"]
[SourceDate "2016.12.12"]
[SourceVersion "1"]
[SourceVersionDate "2016.12.12"]
[SourceQuality "1"]
[WhiteTeam "Backa Pacir"]
[BlackTeam "Krajisnik Krajina"]
[WhiteTeamCountry "SRB"]
[BlackTeamCountry "SRB"]

1. d4 Nf6 2. Nf3 d5 3. Bf4 e6 4. e3 Bd6 5. Bg3 0-0 6. Bd3 Nbd7 7. Nbd2 Re8 8. Ne5 Nf8 9. Qf3 Bxe5 10. dxe5 N6d7 11. 0-0 Nc5 12. Be2 Ng6 13. Qh5 b6 14. b4 Na4 15. Nf3 Bd7 16. Ng5 Nc3 17. Bd3 Ne4 18. Qxh7+ Kf8 19. Nxe4 dxe4 20. Bxe4 Qg5 21. f4 Qh6 22. Qxh6 gxh6 23. Bxa8 Rxa8 24. a4 Bc6 25. Rfd1 Ne7 26. Be1 Nd5 27. Kf2 b5 28. g3 f6 29. axb5 Bxb5 30. e4 Nb6 31. exf6 Kf7 32. Bc3 a6 33. Bd4 Nc4 34. e5 h5 35. h3 Kg6 36. g4 hxg4 37. hxg4 Bc6 38. Bc5 Rh8 39. Kg3 Ra8 40. Rd3 Be4 41. Rd7 1-0